Návrat kurtizány

Bibliographic Details
Main Author: Blake, Victoria (Author)
Other Authors: Fričová, Veronika (prekladateľka) (Translator)
Format: Book
Language:Slovak
English
Published: Bratislava Fortuna Libri 2017
Edition:Prvé vydanie
Subjects:

MARC

LEADER 00000cam a2200000 4500
001 vtls011724253
003 SK-MaSNL
005 20260301100941.0
008 200316s2017 xo gr 010 fdslo
015 |a SNBA2018/03 
020 |a 9788081427077  |q (viazané) 
035 |a urn:nbn:sk:snk-am00dgfp 
035 |a urn:nbn:sk:snk-am3i1fp 
035 |a 172024C3-4641-44B8-B6C7-E262AAEEF4D5 
040 |a SNK  |b slo  |c SNK  |e rda 
041 1 |a slo  |h eng 
044 |a xo  |c SK 
072 7 |a 821.111-3  |x Anglická próza, anglicky písaná  |2 konspekt 
080 |a 821.111-31  |2 2011 
080 |a (0:82-311.6)  |2 2011 
100 1 |a Blake, Victoria  |4 aut  |9 434508 
240 1 0 |a Titian's boatman  |l Slovensky 
245 1 0 |a Návrat kurtizány  |c Victoria Blakeová ; z anglického originálu Titian's boatman preložila Veronika Fričová 
250 |a Prvé vydanie 
264 1 |a Bratislava  |b Fortuna Libri  |c 2017 
300 |a 345 strán  |c 22 cm 
336 |a text  |b txt  |2 rdacontent 
337 |a bez média  |b n  |2 rdamedia 
338 |a zväzok  |b nc  |2 rdacarrier 
500 |a Na obálke: Benátky sú mesto plné tajomstiev, ktoré pretrvajú storočia. 
500 |a Obsahuje projesijne údaje o autorke 
504 |a Obsahuje bibliografiu 
655 7 |a anglické romány  |2 SNKPH  |9 70428 
655 7 |a English fiction  |2 SNKPHeng  |9 109944 
655 7 |a historické romány  |2 SNKPH  |9 70253 
655 7 |a Historical novels  |2 SNKPHeng  |9 276887 
700 1 |a Fričová, Veronika  |c (prekladateľka)  |4 trl  |9 165659 
919 |a 978-80-8142-707-7 
958 |a LX 
958 |a UP 
958 |a NB 
958 |a BC 
968 |a ENG 
999 |c 687828  |d 689758 
952 |a SNK  |b SNK  |y PREZ  |7 0  |p 17A1323246  |o snkSC 177743 D1  |i snk2018/7802  |8 0  |0 0  |1 0  |4 0  |d 2018-04-05  |l 0  |r 2026-02-23 20:17:35  |w 2026-02-23 
952 |a SNK  |b SNK  |y PREZ  |7 0  |p 17A1307508  |o snkSC 177743  |i snk2018/1804  |8 0  |0 0  |1 0  |4 0  |d 2018-01-23  |f 1  |l 0  |r 2025-09-19 00:00:00  |w 2026-02-23